Juegos florales celebrados por la Real Sociedad Económica de Amigos del País de la Provincia de Granada con el patrocinio del Excmo. Ayuntamiento de esta ciudad, el viernes 25 de junio de 1897 en el Palacio de Carlos V de la Alhambra, y en los que fue mantenedor y presidente de los mismos el Excmo. Sr. D. Víctor Balaguer. (Record no. 182249)

MARC details
000 -LEADER
campo de control de longitud fija 01199nam a2200229 i 4500
001 - NÚMERO DE CONTROL
campo de control 182249
003 - IDENTIFICADOR DE NÚMERO DE CONTROL
campo de control ES-MaACL
005 - FECHA Y HORA DE LA ÚLTIMA TRANSACCIÓN
campo de control 20250902093843.0
008 - DATOS DE LONGITUD FIJA--INFORMACIÓN GENERAL
campo de control de longitud fija 130725s1897 sp | |||||||| | spa d
080 ## - NÚMERO DE LA CLASIFICACIÓN DECIMAL UNIVERSAL
Número de la Clasificación Decimal Universal 821.134.2-14"18"(082.2)
245 00 - MENCIÓN DEL TÍTULO
Título Juegos florales celebrados por la Real Sociedad Económica de Amigos del País de la Provincia de Granada con el patrocinio del Excmo. Ayuntamiento de esta ciudad, el viernes 25 de junio de 1897 en el Palacio de Carlos V de la Alhambra, y en los que fue mantenedor y presidente de los mismos el Excmo. Sr. D. Víctor Balaguer.
260 ## - PUBLICACIÓN, DISTRIBUCIÓN, ETC.
Lugar de publicación, distribución, etc. [S.l. :
Nombre del editor, distribuidor, etc. s.n.],
Fecha de publicación, distribución, etc. 1897 (
Lugar de fabricación/manufactura Granada :
Fabricante Tip. Lit. Vda. e Hijos de Sabatel)
300 ## - DESCRIPCIÓN FÍSICA
Extensión 92 p., [5] h. de lám. ;
Dimensiones 23 cm.
530 ## - NOTA DISPONIBLE DE FORMULARIO FÍSICO ADICIONAL
Nota de formato físico adicional disponible Disponible en formato digital.
650 #4 - PUNTO DE ACCESO ADICIONAL DE MATERIA--TÉRMINO DE MATERIA
Término de materia o nombre geográfico como elemento de entrada Poesía española-
Subdivisión cronológica S.XIX
9 (RLIN) 16217
650 #7 - PUNTO DE ACCESO ADICIONAL DE MATERIA--TÉRMINO DE MATERIA
Término de materia o nombre geográfico como elemento de entrada Juegos florales
Fuente del encabezamiento o término embne
9 (RLIN) 135475
700 1# - ENTRADA AGREGADA--NOMBRE PERSONAL
Nombre de persona Balaguer, Víctor,
Fechas asociadas al nombre 1824-1901
9 (RLIN) 24806
710 2# - ENTRADA AGREGADA--NOMBRE DE ENTIDAD CORPORATIVA
Nombre de entidad corporativa o nombre de jurisdicción como elemento de entrada Real Sociedad Económica de Amigos del País de la Provincia de Granada
9 (RLIN) 138618
852 ## - LOCALIZACIÓN
Ubicación ES-MaACL
Número de control de estantería T-861-F-2
Nota libre - Donat. Sr. Balaguer
856 41 - LOCALIZACIÓN Y ACCESO ELECTRÓNICOS
Identificador Uniforme de Recursos <a href="http://bdh-rd.bne.es/viewer.vm?id=0000055631&page=1 ">http://bdh-rd.bne.es/viewer.vm?id=0000055631&page=1 </a>
Nota pública Biblioteca Digital Hispánica
Holdings
Estatus retirado Estado de pérdida Estado de daño No para préstamo Colección Biblioteca de origen Biblioteca actual Ubicación en estantería Fecha de adquisición Fuente de adquisición Total de préstamos Signatura topográfica completa Código de barras Visto por última vez Precio de reemplazo Tipo de ítem Koha
        Colección de folletos Biblioteca del Ateneo de Madrid Biblioteca del Ateneo de Madrid Depósito folletos 25/07/2013     T-861-F-2 1191525 23/02/2023 23/02/2023 Folleto